U.S. City By Iconic Restaurant #2 - Picture Quiz - Statistics

General Stats
  • This quiz has been taken 85 times
  • The average score is 12 of 20
Answer Stats
Picture Hint Answer % Correct
Guess who eat together at the Carnegie Deli? Bowser from Sha Na Na and Arthur Fonzerelli. New York City
92%
Faidley's crab cakes are appreciated by cops, gangs, dockworkers, the press and politicians alike. Baltimore, Maryland
77%
Popeye's is fast food from debatably the greatest food city in the United States. Chefs find solace that it's technically from just outside the city limits. New Orleans, Louisiana
73%
The French Laundry's founder, as well as Anthony Bourdain, Julia Child, and many other renowned chefs have professed a profound love of this city's iconic In-N-Out Burger chain. Los Angeles, California
65%
Geno's OR Pat's King of Steaks? Which side of the street do you go to for a sandwich? Philadelphia, Pennsylvania
65%
Joe's Stone Crab has been around since the metropolis was just a tiny town. Miami Beach, Florida
62%
You might need a loan to buy a Coke at the Rainbow Room, situated atop 30 Rock. New York City
62%
The Varsity sells more Coke than Tony Montana did. Atlanta, Georgia
58%
Dunkin' Donuts is in a cheap rent location everywhere in the region. No smoking inside the door. Boston, Massachusetts
58%
Buddy's, home of square pizza Detroit, Michigan
58%
Musubi Cafe Iyasume successfully spams its customers. Honolulu, Hawaii
58%
Ben's Chili Bowl has had murals featuring its customers such as Bill Cosby, Prince and the Obamas. Washington, D.C.
58%
Leon's Frozen Custard may have inspired Arnold's Drive-In, the hangout of Fonzie and Opie Cunningham. Milwaukee, Wisconsin
54%
Bacchanal Buffet is fit for an ancient Roman feast. Caesar's Palace on the Las Vegas Strip, Nevada
50%
Randy's Donuts. You've definitely seen establishing shots of it even if you've never set foot in North America. Inglewood, California
50%
Wiener's Circle. By tradition, insults are a free condiment. Chicago, Illinois
46%
Even before they expanded, Ninfa's was credited with popularizing the fajita. The other branches are no longer affiliated and several are co-owned by Carlos Mencia. Houston, Texas
46%
Sloppy Joe's is a long established tourist trap frequented by an iconic writer, a president, and throngs. Key West, Florida
46%
Anchor Bar, along with Duff's, claim to have invented an internationally popular specialty. Buffalo, New York
38%
Anthony Bourdain made his living traveling the world to try different cuisines and called The French Laundry "the best restaurant in the world, period". They specialize in French food and, naturally, wine. Napa Valley, California
38%
No matching quizzes found
Score Distribution
Percent of People with Each Score
Percentile by Number Answered
Your Score History
You have not taken this quiz